LOTR: Rulers of Middle-Earth: Kings of Arnor - Statistics

General Stats
  • This quiz has been taken 69 times
  • The average score is 6 of 12
Answer Stats
Answer % Correct
11 Elessar First High King of the Reunited Kingdom
95%
2 Isildur Last High King
93%
1 Elendil 'the Tall' Reigned as High King
85%
12 Eldarion
66%
3 Valandil First independent King of Arnor
66%
10 Eärendur Last King of Arnor before the nation split between his three sons
46%
9 Elendur
39%
4 Eldacar
32%
7 Tarondor
32%
8 Valandur
27%
6 Tarcil
24%
5 Arantar
15%
No matching quizzes found
Score Distribution
Percent of People with Each Score
Percentile by Number Answered
Your Score History
You have not taken this quiz